Easy Korean War Quiz - Statistics

General Stats
  • This quiz has been taken 9 times
  • The average score is 6 of 10
Answer Stats
Hint Answer % Correct
What other country became formally involved? China
100%
What major landing helped the Americans and the South Koreans to take back Seoul? Inchon Landing
100%
When did the war begin? 1950
83%
What parallel was the border between the North and South set at? 38th parallel
83%
Did America and South Korea ever invade the North? Yes
83%
What Major General orchestrated the American presence in Korea? Macarthur
67%
What strategic port was the South Korean and the American's final line of defense if all else failed? (Name before 2000) Pusan
50%
What battle was the deadliest and most brutal of the war? Battle of the Chosin Reservoir
17%
What group of American soldiers stayed behind after the liberation of the Imperial Japanese controlled Korea? KMAG
17%
What was the abbreviated name of the Russian-backed North Korean Army? NKPA
17%
No matching quizzes found
Score Distribution
Percent of People with Each Score
Percentile by Number Answered
Your Score History
You have not taken this quiz